000 00688cam a22002291 4500
001 sa 68004854
003 DLC
005 20260227112504.0
008 711020s1967 pk abc b 000 0 eng
010 _asa 68004854
025 _aPL480:P-E-1204
040 _aDLC
_cDLC
_dDLC
050 0 0 _aKPL3465
_b.S53 1967
082 0 0 _a347.99/549/1
100 1 _aSidhwa, Rustam Sohrabji.
245 1 4 _aThe Lahore High Court and its principal bar.
260 _aLahore,
_bPrinted at the Pakistan Times Press
_c[1967]
300 _a[16], 302 p.
_billus., fold. maps, ports.
_c19 x 25 cm.
350 _aN.T.
504 _aBibliography: p. [13] (1st group)
610 1 0 _aWest Pakistan.
_bHigh Court.
999 _c80394
_d80394